<?xml version="1.0" encoding="UTF-8"?>
<record
    xmlns:xsi="http://www.w3.org/2001/XMLSchema-instance"
    xsi:schemaLocation="http://www.loc.gov/MARC21/slim http://www.loc.gov/standards/marcxml/schema/MARC21slim.xsd"
    xmlns="http://www.loc.gov/MARC21/slim">

  <leader>04562cam a2200409 i 4500</leader>
  <controlfield tag="001">21058238</controlfield>
  <controlfield tag="003">CSPC</controlfield>
  <controlfield tag="005">20250807101156.0</controlfield>
  <controlfield tag="008">190708s2020    nyua     b    001 0 eng  </controlfield>
  <datafield tag="010" ind1=" " ind2=" ">
    <subfield code="a">  2019029111</subfield>
  </datafield>
  <datafield tag="020" ind1=" " ind2=" ">
    <subfield code="a">9781032084329</subfield>
    <subfield code="q">(paperback)</subfield>
  </datafield>
  <datafield tag="035" ind1=" " ind2=" ">
    <subfield code="a">21058238</subfield>
  </datafield>
  <datafield tag="040" ind1=" " ind2=" ">
    <subfield code="a">DLC</subfield>
    <subfield code="b">eng</subfield>
    <subfield code="c">DLC</subfield>
    <subfield code="e">rda</subfield>
    <subfield code="d">DLC</subfield>
    <subfield code="d">CSPC</subfield>
  </datafield>
  <datafield tag="042" ind1=" " ind2=" ">
    <subfield code="a">pcc</subfield>
  </datafield>
  <datafield tag="050" ind1="0" ind2="0">
    <subfield code="a">NA2790</subfield>
    <subfield code="b">.R68 2020</subfield>
  </datafield>
  <datafield tag="082" ind1="0" ind2="0">
    <subfield code="a">720.28</subfield>
    <subfield code="b">R765</subfield>
    <subfield code="2">23</subfield>
  </datafield>
  <datafield tag="245" ind1="0" ind2="4">
    <subfield code="a">The Routledge companion to games in architecture and urban planning :</subfield>
    <subfield code="b">tools for design, teaching, and research /</subfield>
    <subfield code="c">edited by Marta Brkovi&#x107; Dodig and Linda N. Groat.</subfield>
  </datafield>
  <datafield tag="264" ind1=" " ind2="1">
    <subfield code="a">New York, NY ;</subfield>
    <subfield code="a">Abingdon, Oxon :</subfield>
    <subfield code="b">Routledge,</subfield>
    <subfield code="c">2020.</subfield>
  </datafield>
  <datafield tag="300" ind1=" " ind2=" ">
    <subfield code="a">xix, 253 pages :</subfield>
    <subfield code="b">illustrations (some color) ;</subfield>
    <subfield code="c">27 cm.</subfield>
  </datafield>
  <datafield tag="336" ind1=" " ind2=" ">
    <subfield code="a">text</subfield>
    <subfield code="b">txt</subfield>
    <subfield code="2">rdacontent</subfield>
  </datafield>
  <datafield tag="337" ind1=" " ind2=" ">
    <subfield code="a">unmediated</subfield>
    <subfield code="b">n</subfield>
    <subfield code="2">rdamedia</subfield>
  </datafield>
  <datafield tag="338" ind1=" " ind2=" ">
    <subfield code="a">volume</subfield>
    <subfield code="b">nc</subfield>
    <subfield code="2">rdacarrier</subfield>
  </datafield>
  <datafield tag="504" ind1=" " ind2=" ">
    <subfield code="a">Includes bibliographical references and index.</subfield>
  </datafield>
  <datafield tag="505" ind1="0" ind2=" ">
    <subfield code="a">Architecture and urban planning? Game on!: games as tools for design, teaching/learning, and research in architecture and urban planning -- Part I. (Co)-design games -- Room for play in architecture: participatory games and game-like tools in architecture developed by die baupiloten -- Urban transition: games are political: challenging municipal urban planning practices for sustainable development and mutual learning through game co-designing -- The office scrabble game: co-designing workspaces with the everyday as a resource in design games -- Part II. (Co)-design and educational games -- Playing pretend: an interview with Steven Mankouche -- The architecture of scarcity game: the pedagogy of scarce design process -- The world of energy games -- Part III. Educational games -- Efargo energy challenge: architecture as a gaming board in pervasive energy games -- Urbanity: developing critical thinking about the urban environment through games -- Design as crossword-puzzle solving: the role of game in merging research and design -- The modern architecture game: a learning tool about modern architecture history for an international audience -- Part IV. Educational and research games -- Energy geogame 'e-footprints': prototype designed to collect data about human behavior in built environments -- Spector - the sustainability inspector: learning, teaching, and evaluation through a participatory and exploratory game -- Part V. Research games -- Reversing the co-design process: co-design games for post-occupancy evaluation -- Part VI. (Co)-design, educational, and research games -- The sorting task: its versatility and adaptability in research, teaching, and practice -- Games as urban agora: an analysis of games as participatory research, co-design, and educational tools in urban planning -- The role of gaming in community engagement: case study of a studio focused on societal challenges.</subfield>
  </datafield>
  <datafield tag="520" ind1=" " ind2=" ">
    <subfield code="a">"The Routledge Companion for Games in Architecture and Urban Planning aims to identify and showcase the rich diversity of games, including: simulation games, game-like approaches, game scenarios, and gamification processes for teaching/learning, design and research in architecture and urban planning. This collection creates an opportunity for exchange and reflection on games in architecture and urban planning. Theoretical discussions, descriptive accounts, and case studies presenting empirical evidence are featured; combined with reflections, constructive critical analysis, discussions of connections, and various influences on this field. 28 international contributors have come together from 11 countries and 5 continents to present their studies on games in architecture and urban planning, pose new questions, and advocate for innovative perspectives"--</subfield>
    <subfield code="c">Provided by publisher.</subfield>
  </datafield>
  <datafield tag="650" ind1=" " ind2="0">
    <subfield code="a">Architecture</subfield>
    <subfield code="x">Simulation methods.</subfield>
  </datafield>
  <datafield tag="650" ind1=" " ind2="0">
    <subfield code="a">Architectural models.</subfield>
  </datafield>
  <datafield tag="650" ind1=" " ind2="0">
    <subfield code="a">City planning</subfield>
    <subfield code="x">Simulation methods.</subfield>
  </datafield>
  <datafield tag="650" ind1=" " ind2="0">
    <subfield code="a">Simulation games in education.</subfield>
  </datafield>
  <datafield tag="700" ind1="1" ind2=" ">
    <subfield code="a">Dodig, Marta Brkovi&#x107;,</subfield>
    <subfield code="e">editor.</subfield>
  </datafield>
  <datafield tag="700" ind1="1" ind2=" ">
    <subfield code="a">Groat, Linda N.,</subfield>
    <subfield code="e">editor.</subfield>
  </datafield>
  <datafield tag="776" ind1="0" ind2="8">
    <subfield code="i">Online version:</subfield>
    <subfield code="t">The routledge companion for games in architecture and urban planning</subfield>
    <subfield code="d">New York : Routledge, 2020.</subfield>
    <subfield code="z">9780429441325</subfield>
    <subfield code="w">(DLC) 2019029112</subfield>
  </datafield>
  <datafield tag="906" ind1=" " ind2=" ">
    <subfield code="a">7</subfield>
    <subfield code="b">cbc</subfield>
    <subfield code="c">orignew</subfield>
    <subfield code="d">1</subfield>
    <subfield code="e">ecip</subfield>
    <subfield code="f">20</subfield>
    <subfield code="g">y-gencatlg</subfield>
  </datafield>
  <datafield tag="942" ind1=" " ind2=" ">
    <subfield code="2">ddc</subfield>
    <subfield code="c">BK</subfield>
    <subfield code="e">23</subfield>
    <subfield code="h">720.28</subfield>
    <subfield code="i">R765</subfield>
    <subfield code="k">ENG</subfield>
    <subfield code="m">2020</subfield>
    <subfield code="n">0</subfield>
  </datafield>
  <datafield tag="952" ind1=" " ind2=" ">
    <subfield code="0">0</subfield>
    <subfield code="1">0</subfield>
    <subfield code="2">ddc</subfield>
    <subfield code="4">0</subfield>
    <subfield code="7">0</subfield>
    <subfield code="a">CSPC</subfield>
    <subfield code="b">CSPC</subfield>
    <subfield code="c">ENG</subfield>
    <subfield code="d">2025-08-07</subfield>
    <subfield code="l">0</subfield>
    <subfield code="o">ENG 720.28 R765 2020</subfield>
    <subfield code="p">029862</subfield>
    <subfield code="r">2025-08-07 10:12:30</subfield>
    <subfield code="t">1-1</subfield>
    <subfield code="w">2025-08-07</subfield>
    <subfield code="y">BK</subfield>
  </datafield>
  <datafield tag="999" ind1=" " ind2=" ">
    <subfield code="c">29917</subfield>
    <subfield code="d">29917</subfield>
  </datafield>
</record>
